Tallest Cities in North Carolina - Statistics

General Stats
  • This quiz has been taken 41 times
  • The average score is 5 of 5
Answer Stats
Tallest Building Height Answer % Correct
Bank of America Corporate Center 871 Feet/ 266 Meters Charlotte
100%
Lincoln Financial Building 374 Feet/ 114 Meters Greensboro
97%
PNC Plaza 538 Feet/ 164 Meters Raleigh
97%
University Tower 356 Feet/ 109 Meters Durham
88%
100 North Main Street 460 Feet/ 140 Meters WInston-Salem
88%
No matching quizzes found
Score Distribution
Percent of People with Each Score
Percentile by Number Answered
Your Score History
You have not taken this quiz